Musiciens et chanteurs décédés en 2022 - Statistiques

Statistiques générales
  • Ce quiz a été pris 55 fois
  • Le résultat moyen est 4 sur 18
Statistiques - réponses
Date Indice Artiste % Correct
28/09 Rappeur américain célèbre grâce à son titre 'Gangsta's Paradise' Coolio
60%
18/07 Chanteuse française popularisée par la chanson 'Comme un boomerang' en collaboration avec Étienne Daho Dani
49%
01/11 Rappeur américain membre du groupe Migos avec Quavo et Offset Takeoff
43%
21/10 Rappeur français décédé suite à une crise d'asthme, auteur de l'album 'Étoile Noire' Luv Resval
40%
28/12 Chanteuse portugaise populaire en France, connue pour les titres 'O malhão malhão' ou 'La Valise en carton' Linda de Suza
38%
06/08 Chanteur français connu pour avoir interprété 'Ce rêve Bleu' dans le film d'animation Disney et Moïse dans la comédie musicale 'Les Dix Commandements' Daniel Lévi
34%
23/04 Chanteur trilingue belge célèbre pour son originalité et son sens de l'absurde Arno
19%
28/10 Pionnier du Rock ’n’ roll dont le plus grand succès se nomme 'Great Balls of Fire' Jerry Lee Lewis
19%
05/11 Chanteur pop américain, frère d'un membre du groupe Backstreet Boys Aaron Carter
13%
30/11 Claviériste et chanteuse du groupe pop-rock britannique 'Fleetwood Mac' Christine McVie
11%
12/09 Rappeur américain de l'ère 'SoundCloud' connu pour les titres 'Cross Me' avec Ed Sheeran et 'Middle Child' avec XXXTENTACION PnB Rock
11%
25/03 Batteur du groupe de rock 'Foo Fighters' Taylor Hawkins
11%
30/03 Chanteur membre du boys band britannique 'The Wanted' Tom Parker
9%
26/05 Batteur du groupe de rock britannique 'Yes' Alan White
6%
26/05 Cofondateur et membre du groupe 'Depeche Mode' avec Dave Gahan et Martin Gore Andrew Fletcher
6%
09/06 Chanteuse pop américaine connue pour le titre 'Falling', thème de la série 'Twin Peaks' Julee Cruise
6%
22/02 Chanteur américain ayant été membre de 'Screaming Trees' et 'Mad Season' Mark Lanegan
6%
13/05 Rappeur américain proche de Young Thug, célèbre pour sa voix aiguë Lil Keed
4%
Aucun quiz correspondant
Distribution des résultats
% des personnes avec chaque résultat
Percentile par nombre de réponses
Votre historique - résultats
Vous n’avez pas pris ce quiz